00309pab a2200133 454500008004000000100002200040245003400062260000900096300001200105362001100117650002000128650001200148773001500160180718b2007 xxu||||| |||| 00| 0 eng d aNehru, Jawaharlal aThe first war of independence c2007 ap.7-14. a26 May aIndia - History aHistory aMainstream